Mobil masterpiece theatre. Far from the madding crowd. [Part 2] /

Paloma Baeza stars as Bathsheba Everdene, a beautiful and proud woman with a fiercely independent spirit, in this lush adaptation of Thomas Hardy's classic novel, Far from the Madding Crowd. Uncertain of her future but unwilling to sacrifice her freedom, young Bathsheba rejects the proposal of...

Full description

Bibliographic Details
Other Authors: Renton, Nicholas (Director), Bevan Jones, Hilary (Producer), Hardy, Thomas, 1840-1928
Format: Video
Language:English
Language Notes:In English.
Published: Arlington, VA : Public Broadcasting Service (PBS), 2011.
Series:Academic Video Online
Subjects:
Online Access:Connect to this streaming video (Alexander Street Press)

MARC

Tag First Indicator Second Indicator Subfields
LEADER 00000cgm a2200000Mi 4500
001 in00005591921
006 m o c
007 cr |n||||||||a
007 vz |za|z|
008 180130s2011 vau106 e o vleng d
005 20241201233451.9
035 |a (OCoLC)on1022760614 
040 |a ALSTP  |b eng  |e rda  |e pn  |c ALSTP  |d OCLCO  |d OCLCF  |d OCLCQ  |d OCLCO  |d WYU  |d S9I  |d CAUOI  |d OCLCO  |d UPM  |d HF9  |d OCLCO  |d OCLCL  |d DXU 
019 |a 1373428941  |a 1443973524 
035 |a (OCoLC)1022760614  |z (OCoLC)1373428941  |z (OCoLC)1443973524 
043 |a e-uk-en 
050 4 |a PR4745 
049 |a TXAM 
245 0 0 |a Mobil masterpiece theatre.  |p Far from the madding crowd.  |n [Part 2] /  |c by Thomas Hardy ; screenplay by Philomena McDonagh ; producer, Hilary Bevan Jones ; director, Nicholas Renton ; a co-production of Granada Television and WGBH/Boston. 
246 3 0 |a Far from the madding crowd 
264 1 |a Arlington, VA :  |b Public Broadcasting Service (PBS),  |c 2011. 
300 |a 1 online resource (106 min.) 
306 |a 014615 
336 |a two-dimensional moving image  |b tdi  |2 rdacontent 
337 |a computer  |b c  |2 rdamedia 
337 |a video  |b v  |2 rdamedia 
338 |a online resource  |b cr  |2 rdacarrier 
344 |a digital  |2 rda 
347 |a data file  |2 rda 
380 |a Videorecording 
490 0 |a Academic Video Online 
500 |a Title from resource description page (viewed January 30, 2018). 
511 1 |a Paloma Baeza, Nigel Terry, Nathaniel Parker, Jonathan Firth. 
520 |a Paloma Baeza stars as Bathsheba Everdene, a beautiful and proud woman with a fiercely independent spirit, in this lush adaptation of Thomas Hardy's classic novel, Far from the Madding Crowd. Uncertain of her future but unwilling to sacrifice her freedom, young Bathsheba rejects the proposal of dependable Gabriel Oak (Nathaniel Parker, The Inspector Lynley Mysteries), only to become his employer when a cruel twist of fate destroys the loyal shepherd's prospects. Still in love, Gabriel can only stand by and watch as Bathsheba mischievously flirts with her neighbor, Mr. Boldwood (Nigel Terry), unleashing a passionate obsession that burns deep within the reserved Boldwood. Both men forsake their hearts, however, upon the arrival of the dashing, womanizing soldier Frank Troy (Jonathan Firth). Despite being in love with another woman himself, Troy sees a challenge in Bathsheba and sets out to win her. Though she ultimately makes her choice, Bathsheba's marriage is instantly doomed, setting in motion a dramatic chain of events in this turbulent 19th-century tale of passion and destruction. 
546 |a In English. 
586 |a Won 1999 British Academy Film Awards, Best Photography and Lighting (Fiction/Entertainment) 
586 |a Nominated 1999 British Academy Film Awards, Best Make Up/Hair 
586 |a Nominated 1999 British Academy Film Awards, Best Design 
600 1 0 |a Hardy, Thomas,  |d 1840-1928  |v Television adaptations. 
600 1 7 |a Hardy, Thomas,  |d 1840-1928.  |2 fast  |0 (OCoLC)fst00034596  |1 https://id.oclc.org/worldcat/entity/E39PBJhMk9RXtXrcGQQKKgrwmd 
650 0 |a Women farmers  |z England  |v Drama. 
650 0 |a Triangles (Interpersonal relations)  |v Drama. 
651 0 |a England  |x Social life and customs  |y 19th century  |v Drama. 
650 7 |a Manners and customs.  |2 fast  |0 (OCoLC)fst01007815 
650 7 |a Triangles (Interpersonal relations)  |2 fast  |0 (OCoLC)fst01156439 
650 7 |a Women farmers.  |2 fast  |0 (OCoLC)fst01177667 
651 7 |a England.  |2 fast  |0 (OCoLC)fst01219920  |1 https://id.oclc.org/worldcat/entity/E39PBJpYDdYvBpjXV6WpybK68C 
648 7 |a 1800-1899  |2 fast 
655 7 |a Drama.  |2 fast  |0 (OCoLC)fst01423879 
655 7 |a Fiction television programs.  |2 fast  |0 (OCoLC)fst01710265 
655 7 |a Television adaptations.  |2 fast  |0 (OCoLC)fst01710478 
655 7 |a Television mini-series.  |2 fast  |0 (OCoLC)fst01726179 
655 7 |a Television adaptations.  |2 lcgft 
655 7 |a Fiction television programs.  |2 lcgft 
655 7 |a Television mini-series.  |2 lcgft 
655 7 |a Adaptations télévisées.  |2 rvmgf 
655 7 |a Fictions télévisées.  |2 rvmgf 
655 7 |a Miniséries.  |2 rvmgf 
700 1 |a Renton, Nicholas,  |e director. 
700 1 |a Bevan Jones, Hilary,  |e producer. 
700 1 2 |i Television adaptation of (work):  |a Hardy, Thomas,  |d 1840-1928.  |t Far from the madding crowd.  |k Selections. 
710 2 |a Granada Television,  |e production company. 
710 2 |a WGBH (Television station : Boston, Mass.),  |e production company. 
730 0 2 |i In series:  |a Masterpiece theatre (Television program) 
758 |i has work:  |a Mobil masterpiece theatre Far from the madding crowd [Part 2] (MovingImage)  |1 https://id.oclc.org/worldcat/entity/E39PCG4cYMdYxwXc7BkKdpxhpP  |4 https://id.oclc.org/worldcat/ontology/hasWork 
856 4 0 |u http://proxy.library.tamu.edu/login?url=https://www.aspresolver.com/aspresolver.asp?MARC;3570084  |z Connect to this streaming video (Alexander Street Press)  |t 0 
955 |a Alexander Street Press subscription streaming video 
994 |a 92  |b TXA 
999 f f |s 71174d8b-5521-4385-947c-58a0114b3b41  |i 0a8dddb8-5bda-4cc2-ae27-79cc55cfba28  |t 0 
952 f f |a Texas A&M University  |b College Station  |c Electronic Resources  |d Available Online  |t 0  |e PR4745   |h Library of Congress classification 
998 f f |a PR4745   |t 0  |l Available Online